[Event "C.to Mondiale a squadre seniores"]
[Site "Port Erin IMN"]
[Date "2004.10.05"]
[Round "1.1"]
[White "Gill, Neville B.K."]
[Black "Rosino, Antonio"]
[Result "1/2-1/2"]
[WhiteElo "2046"]
[BlackElo "2277"]
[Annotator "ITA-IMN"]
[PlyCount "95"]
[EventDate "2004.10.05"]

1. d4 Nf6 2. c4 g6 3. Nc3 d5 4. Nf3 Bg7 5. Bf4 O-O 6. e3 c5 7. dxc5 Qa5 8. Rc1
Be6 9. Nd4 Nc6 10. Nxc6 bxc6 11. Qa4 Qxa4 12. Nxa4 Nh5 13. Bc7 Rac8 14. Ba5 Bd7
15. Be2 e5 16. O-O f5 17. cxd5 cxd5 18. Nc3 Nf6 19. Rfd1 Bc6 20. b4 d4 21. exd4
exd4 22. Nb5 Bxb5 23. Bxb5 Ne4 24. Bd7 Nc3 25. Rxc3 dxc3 26. Be6+ Kh8 27. Bxc8
Rxc8 28. Rc1 Kg8 29. Kf1 Kf7 30. Ke2 Ke6 31. Kd3 Kd5 32. Re1 Bf6 33. Re3 Rb8
34. a3 Rb7 35. Kc2 Bd4 36. Re8 Rd7 37. Rd8 Rxd8 38. Bxd8 Bxf2 39. Kxc3 Be3 40.
a4 g5 41. Bc7 h5 42. Bb8 a6 43. Bd6 g4 44. b5 axb5 45. axb5 Bxc5 46. Bxc5 Kxc5
47. Kd3 f4 48. Ke4 1/2-1/2

[Event "C.to Mondiale a squadre seniores"]
[Site "Port Erin IMN"]
[Date "2004.10.06"]
[Round "2.1"]
[White "Rosino, Antonio"]
[Black "Murey, Jacob I."]
[Result "0-1"]
[WhiteElo "2277"]
[BlackElo "2450"]
[Annotator "ITA-ISR"]
[PlyCount "54"]
[EventDate "2004.10.05"]

1. e4 c5 2. c3 b6 3. d4 Bb7 4. Bd3 Nf6 5. Nd2 g6 6. Ne2 Bg7 7. O-O d6 8. d5 O-O
9. f4 e6 10. c4 exd5 11. exd5 b5 12. Nc3 bxc4 13. Nxc4 Na6 14. Be2 Nb4 15. Ne3
Re8 16. a3 Nbxd5 17. Nexd5 Nxd5 18. Bf3 Nxc3 19. bxc3 Bxc3 20. Rb1 Bxf3 21.
Qxf3 Bd4+ 22. Kh1 Rb8 23. Rxb8 Qxb8 24. f5 Qa8 25. Qg3 Qd5 26. h3 Qe5 27. Qg4
Qe2 0-1

[Event "C.to Mondiale a squadre seniores"]
[Site "Port Erin IMN"]
[Date "2004.10.06"]
[Round "2.2"]
[White "Tseitlin, Mark D."]
[Black "Barlocco, Carlo"]
[Result "1-0"]
[WhiteElo "2406"]
[BlackElo "2108"]
[Annotator "ITA-ISR"]
[PlyCount "61"]
[EventDate "2004.10.05"]

1. e4 Nc6 2. d4 d6 3. Nc3 Nf6 4. f4 e5 5. dxe5 dxe5 6. Qxd8+ Kxd8 7. Nf3 Bb4 8.
Bd3 Re8 9. O-O exf4 10. Nd5 Nxd5 11. exd5 Ne7 12. Bb5 Nxd5 13. Bxe8 Kxe8 14.
Ne5 Bc5+ 15. Kh1 g5 16. Bd2 Bf5 17. Rae1 Kf8 18. g3 Bh3 19. Rf3 Nb6 20. g4 f6
21. Rxh3 fxe5 22. Rxe5 Bd6 23. Rf5+ Ke7 24. Rxh7+ Ke6 25. Rxg5 Nc4 26. Rh6+ Kd7
27. Bxf4 Re8 28. Rg7+ Kc6 29. b3 Nb2 30. Bxd6 cxd6 31. Rgg6 1-0

[Event "C.to Mondiale a squadre seniores"]
[Site "Port Erin IMN"]
[Date "2004.10.06"]
[Round "2.3"]
[White "Gardi, Giuseppe"]
[Black "Kraidman, Yair"]
[Result "1/2-1/2"]
[WhiteElo "2081"]
[BlackElo "2307"]
[Annotator "ITA-ISR"]
[PlyCount "120"]
[EventDate "2004.10.05"]

1. d4 d5 2. Nf3 Nf6 3. Bf4 c6 4. c3 Qb6 5. Qc1 Bf5 6. Nbd2 Nbd7 7. e3 Nh5 8.
Nh4 Nxf4 9. Nxf5 Ng6 10. Bd3 e6 11. Ng3 Be7 12. O-O O-O 13. f4 f5 14. Nf3 Nf6
15. Ng5 c5 16. Rb1 Ng4 17. h3 Nxe3 18. Qxe3 Bxg5 19. dxc5 Qc6 20. Nh5 Bf6 21.
Nxf6+ Rxf6 22. c4 Rd8 23. cxd5 Qxd5 24. Rbd1 Qd4 25. Qxd4 Rxd4 26. g3 e5 27.
fxe5 Nxe5 28. Bc2 Nc6 29. Bb3+ Kf8 30. Rxd4 Nxd4 31. Bd5 b6 32. cxb6 axb6 33.
Rd1 Nb5 34. a4 Nc7 35. Bc4 Ke7 36. Kg2 Rc6 37. b3 g6 38. Kf3 Kf6 39. Rd7 Ne6
40. h4 h6 41. Rh7 h5 42. Rd7 Nc5 43. Rf7+ Ke5 44. Bb5 Rd6 45. b4 Ne4 46. Rd7 g5
47. Rxd6 g4+ 48. Kg2 Nxd6 49. Bd3 Kd4 50. Bb1 Kc4 51. a5 bxa5 52. bxa5 Kb5 53.
Kf2 Kxa5 54. Ke3 Kb4 55. Kf4 Kc5 56. Bxf5 Kd5 57. Bg6 Kd4 58. Bxh5 Ne4 59. Bxg4
Nxg3 60. Kxg3 Ke5 1/2-1/2

[Event "C.to Mondiale a squadre seniores"]
[Site "Port Erin IMN"]
[Date "2004.10.06"]
[Round "2.4"]
[White "Stepak, Yedael"]
[Black "Pipitone, Antonio"]
[Result "1-0"]
[WhiteElo "2302"]
[BlackElo "2019"]
[Annotator "ITA-ISR"]
[PlyCount "159"]
[EventDate "2004.10.05"]

1. d4 Nf6 2. c4 c5 3. d5 e6 4. Nc3 exd5 5. cxd5 d6 6. e4 g6 7. Nf3 Bg7 8. Bb5+
Nfd7 9. a4 O-O 10. O-O a6 11. Bd3 Ne5 12. Nxe5 Bxe5 13. Be3 Nd7 14. Qd2 Rb8 15.
f4 Bg7 16. Rfb1 Qc7 17. a5 Re8 18. Ra4 b5 19. axb6 Nxb6 20. Ra3 c4 21. Bc2 Nd7
22. Kh1 Nc5 23. e5 Nb3 24. Bxb3 cxb3 25. Rc1 Qd7 26. exd6 Qxd6 27. Ra4 Bf5 28.
Bd4 Bh6 29. Rf1 Bc2 30. Qf2 Rbc8 31. Be5 Qd7 32. Rxa6 Rxc3 33. Bxc3 Qxd5 34.
Ra5 Qc4 35. Re5 Rd8 36. Rfe1 Qa4 37. Qe3 Bf8 38. Re8 Rxe8 39. Qxe8 Qxf4 40. Qd8
h5 41. h3 Bf5 42. Qf6 Qh6 43. Qe5 Be6 44. Qb8 Kh7 45. Qe5 Qg7 46. Qxg7+ Bxg7
47. Bxg7 Kxg7 48. Kg1 Kf6 49. Kf2 h4 50. Re4 Kg5 51. Rb4 Kh5 52. Rb5+ Kh6 53.
Ke3 g5 54. Kd4 Kg6 55. Ke5 Bc4 56. Rb6+ Kh5 57. Rf6 Be6 58. Rxe6 fxe6 59. Kxe6
Kh6 60. Ke5 Kh5 61. Kf5 Kh6 62. Kf6 Kh5 63. Kg7 g4 64. Kf6 gxh3 65. gxh3 Kh6
66. Kf5 Kh5 67. Kf4 Kh6 68. Kg4 Kg6 69. Kxh4 Kh6 70. Kg4 Kg6 71. Kf4 Kh5 72.
Ke4 Kh4 73. Kd4 Kxh3 74. Kc4 Kg4 75. Kxb3 Kf5 76. Kc4 Ke6 77. Kc5 Kd7 78. Kb6
Kc8 79. b4 Kb8 80. b5 1-0

[Event "C.to Mondiale a squadre seniores"]
[Site "Port Erin IMN"]
[Date "2004.10.07"]
[Round "3.1"]
[White "Rosino, Antonio"]
[Black "Uhlmann, Wolfgang"]
[Result "1/2-1/2"]
[WhiteElo "2277"]
[BlackElo "2406"]
[Annotator "ITA-GER"]
[PlyCount "57"]
[EventDate "2004.10.05"]

1. e4 e6 2. d4 d5 3. Nc3 Bb4 4. Bd3 dxe4 5. Bxe4 c5 6. Nge2 Nf6 7. Bf3 Nc6 8.
Bxc6+ bxc6 9. Be3 Ba6 10. a3 Bxe2 11. Qxe2 Bxc3+ 12. bxc3 cxd4 13. cxd4 Qa5+
14. Qd2 Qd5 15. O-O O-O 16. Qd3 Rfd8 17. c4 Qa5 18. Rfd1 Rab8 19. Rab1 h6 20.
Rb3 Nd7 21. Rxb8 Rxb8 22. h3 Qa4 23. Rb1 Rxb1+ 24. Qxb1 Nb6 25. d5 cxd5 26.
Bxb6 axb6 27. cxd5 Qxa3 28. dxe6 Qd6 29. e7 1/2-1/2

[Event "C.to Mondiale a squadre seniores"]
[Site "Port Erin IMN"]
[Date "2004.10.07"]
[Round "3.3"]
[White "Gardi, Giuseppe"]
[Black "Klundt, Klaus"]
[Result "0-1"]
[WhiteElo "2081"]
[BlackElo "2358"]
[Annotator "ITA-GER"]
[PlyCount "112"]
[EventDate "2004.10.05"]

1. d4 Nf6 2. Nf3 g6 3. Bf4 Bg7 4. e3 d6 5. h3 c5 6. c3 O-O 7. Be2 Nc6 8. O-O b6
9. a4 Bb7 10. Na3 Nd5 11. Bh2 Na5 12. Nc4 Nxc4 13. Bxc4 cxd4 14. exd4 Qc7 15.
Qe2 Rfc8 16. Ba6 Bxa6 17. Qxa6 Qc4 18. Qxc4 Rxc4 19. Nd2 Rc7 20. Ra3 Bh6 21.
Nf3 a6 22. g4 f6 23. h4 Rf8 24. Rb3 Rc4 25. Ra1 e5 26. g5 fxg5 27. Nd2 Rcc8 28.
Ne4 exd4 29. hxg5 Bg7 30. Nxd6 Rc6 31. cxd4 Rc2 32. Bg3 Bxd4 33. Rd1 Nf4 34.
Ne4 Ne2+ 35. Kg2 Nxg3 36. Kxg3 Be5+ 37. Kg2 Re2 38. Re3 Rfxf2+ 39. Nxf2 Rxe3
40. Rd8+ Kf7 41. Rd7+ Ke6 42. Rxh7 Rb3 43. a5 Rxb2 44. Kf3 Rb3+ 45. Ke4 Rb4+
46. Kd3 bxa5 47. Ra7 Bd4 48. Rxa6+ Rb6 49. Rxb6+ Bxb6 50. Ne4 Kf5 51. Nd6+ Kxg5
52. Nc4 Bc7 53. Nb2 Kf4 54. Ke2 g5 55. Kf2 Ke4 56. Na4 Be5 0-1

[Event "C.to Mondiale a squadre seniores"]
[Site "Port Erin IMN"]
[Date "2004.10.07"]
[Round "3.4"]
[White "Malich, Burkhard"]
[Black "Profaizer, Gino"]
[Result "1-0"]
[WhiteElo "2360"]
[BlackElo "1990"]
[Annotator "ITA-GER"]
[PlyCount "79"]
[EventDate "2004.10.05"]

1. d4 d5 2. Nf3 Nf6 3. c4 e6 4. Bg5 Be7 5. Nc3 h6 6. Bh4 b6 7. e3 Bb7 8. Bxf6
Bxf6 9. cxd5 exd5 10. Qb3 O-O 11. Rd1 a6 12. Be2 Qd6 13. O-O Nd7 14. Rd2 b5 15.
Rc1 Nb6 16. Qd1 Rac8 17. Rdc2 Rfd8 18. Ne1 c6 19. Nd3 a5 20. Bg4 Rb8 21. Ne2
Nc4 22. Nc5 Bc8 23. Bxc8 Rdxc8 24. Nf4 g6 25. Qf3 Be7 26. Nfd3 Bf6 27. Nd7 Qxd7
28. Qxf6 a4 29. b3 axb3 30. axb3 Na5 31. Ne5 Qe8 32. Nxc6 Nxc6 33. Rxc6 Rxc6
34. Qxc6 Qxc6 35. Rxc6 Ra8 36. g4 Ra3 37. Rc5 Rxb3 38. Rxd5 Kf8 39. Rd7 Ke8 40.
Rb7 1-0

[Event "C.to Mondiale a squadre seniores"]
[Site "Port Erin IMN"]
[Date "2004.10.08"]
[Round "4.2"]
[White "Barlocco, Carlo"]
[Black "Viner, Phillip J."]
[Result "1-0"]
[WhiteElo "2108"]
[BlackElo "2151"]
[Annotator "ITA-AUS"]
[PlyCount "51"]
[EventDate "2004.10.05"]

1. d4 d5 2. Nc3 Nf6 3. e4 e6 4. Bg5 Bb4 5. e5 h6 6. Bc1 Ne4 7. Qg4 g6 8. Nge2
c5 9. a3 cxd4 10. axb4 dxc3 11. Nxc3 Nxc3 12. bxc3 Qc7 13. Qg3 Bd7 14. b5 Bc8
15. Ba3 Nd7 16. Bd6 Qd8 17. h4 b6 18. Bd3 Nc5 19. O-O Bd7 20. Qxg6 Qxh4 21. Qg7
O-O-O 22. Rxa7 Rde8 23. Rfa1 Kd8 24. Rc7 Na4 25. g3 Rhg8 26. Rxa4 1-0

[Event "C.to Mondiale a squadre seniores"]
[Site "Port Erin IMN"]
[Date "2004.10.08"]
[Round "4.3"]
[White "Krstic, Slobodan"]
[Black "Pipitone, Antonio"]
[Result "1-0"]
[WhiteElo "2049"]
[BlackElo "2019"]
[Annotator "ITA-AUS"]
[PlyCount "83"]
[EventDate "2004.10.05"]

1. e4 c5 2. Nf3 d6 3. b4 Nd7 4. Bc4 Ngf6 5. d3 e6 6. O-O Be7 7. bxc5 Nxc5 8.
Be3 Ncd7 9. Nbd2 O-O 10. Nd4 Ne5 11. Bb3 d5 12. N4f3 Nxf3+ 13. Qxf3 d4 14. Bf4
Nd7 15. Qg3 Bh4 16. Qg4 e5 17. Bg3 Bf6 18. Qe2 Nc5 19. Nc4 Nxb3 20. axb3 Re8
21. Qd2 b5 22. Na5 Bd7 23. f4 Qc7 24. Ra2 Rac8 25. Qf2 Rf8 26. h3 Be6 27. f5
Bd7 28. Bh4 Qd8 29. Bxf6 Qxf6 30. Qd2 Rc7 31. b4 Rfc8 32. Nb3 g6 33. g4 gxf5
34. gxf5 Kh8 35. Kh2 Rg8 36. Qf2 Qg5 37. Nc5 Bc8 38. Raa1 Qf6 39. Rg1 Qh6 40.
Rxg8+ Kxg8 41. Qg3+ Qg7 42. Qh4 1-0

[Event "C.to Mondiale a squadre seniores"]
[Site "Port Erin IMN"]
[Date "2004.10.09"]
[Round "5.1"]
[White "Rosino, Antonio"]
[Black "Reuben, Stewart"]
[Result "1/2-1/2"]
[WhiteElo "2277"]
[BlackElo "2150"]
[Annotator "ITA-B&W"]
[PlyCount "62"]
[EventDate "2004.10.05"]

1. e4 c5 2. Nf3 g6 3. c3 d5 4. exd5 Nf6 5. c4 e6 6. dxe6 Bxe6 7. d4 cxd4 8.
Nxd4 Bc5 9. Be3 Qb6 10. Nxe6 Bxe3 11. Nc7+ Qxc7 12. fxe3 Nc6 13. Qf3 Qe5 14.
Qe2 O-O 15. Nc3 Rfe8 16. O-O-O Qxe3+ 17. Qxe3 Rxe3 18. h3 Rae8 19. Bd3 Ne5 20.
Kc2 Rg3 21. Rhg1 Rc8 22. b3 a6 23. Ne4 Nxe4 24. Bxe4 Nxc4 25. Bxb7 Ne3+ 26. Kb1
Nxd1 27. Bxc8 Nc3+ 28. Kb2 Ne2 29. Re1 Rxg2 30. Bxa6 Nd4+ 31. Kb1 f5 1/2-1/2

[Event "C.to Mondiale a squadre seniores"]
[Site "Port Erin IMN"]
[Date "2004.10.09"]
[Round "5.2"]
[White "Sotter, Gerlinde"]
[Black "Barlocco, Carlo"]
[Result "0-1"]
[WhiteElo "1703"]
[BlackElo "2108"]
[Annotator "ITA-B&W"]
[PlyCount "32"]
[EventDate "2004.10.05"]

1. d4 Nc6 2. Nf3 d6 3. e4 Nf6 4. Bd3 Bg4 5. c3 e6 6. Bg5 Be7 7. h3 Bh5 8. O-O
O-O 9. Nbd2 e5 10. d5 Nb8 11. c4 Nxd5 12. cxd5 Bxg5 13. Qb3 Nd7 14. g4 Bg6 15.
Nxg5 Qxg5 16. Nf3 Qf4 0-1

[Event "C.to Mondiale a squadre seniores"]
[Site "Port Erin IMN"]
[Date "2004.10.10"]
[Round "6.1"]
[White "Vucenovic, Dragomir"]
[Black "Rosino, Antonio"]
[Result "0-1"]
[WhiteElo "2302"]
[BlackElo "2277"]
[Annotator "ITA-SUI"]
[PlyCount "116"]
[EventDate "2004.10.05"]

1. d4 Nf6 2. Nf3 g6 3. g3 Bg7 4. Bg2 O-O 5. O-O d5 6. Nbd2 Nbd7 7. b3 c5 8. e3
b6 9. Bb2 Bb7 10. c4 Rc8 11. Re1 Qc7 12. a3 Rfd8 13. Rc1 Ne4 14. Nxe4 dxe4 15.
Ng5 cxd4 16. exd4 Nc5 17. Nxe4 Ne6 18. Qe2 Nxd4 19. Bxd4 Rxd4 20. Nc3 Bxg2 21.
Kxg2 e6 22. Qf3 Qc6 23. Qxc6 Rxc6 24. Nb5 Rd7 25. Red1 Rxd1 26. Rxd1 a6 27.
Rd8+ Bf8 28. Na7 Rc7 29. Nc8 b5 30. Nd6 bxc4 31. Nxc4 Kg7 32. Ra8 Rc6 33. Ra7
Bd6 34. f4 h5 35. h4 Bc7 36. Kf3 Kh6 37. Ke4 f6 38. Rb7 g5 39. hxg5+ fxg5 40.
Ne5 Bxe5 41. fxg5+ Kxg5 42. Kxe5 Kg4 43. Rg7+ Kf3 44. Kd4 Rd6+ 45. Kc4 e5 46.
Rg5 e4 47. Rxh5 e3 48. Re5 e2 49. b4 Rd1 50. a4 e1=Q 51. Rxe1 Rxe1 52. Kc5 Ra1
53. a5 Rb1 54. Kb6 Rxb4+ 55. Kxa6 Ke4 56. g4 Kd5 57. Ka7 Kc6 58. a6 Rxg4 0-1

[Event "C.to Mondiale a squadre seniores"]
[Site "Port Erin IMN"]
[Date "2004.10.10"]
[Round "6.2"]
[White "Barlocco, Carlo"]
[Black "Bhend, Edwin"]
[Result "1/2-1/2"]
[WhiteElo "2108"]
[BlackElo "2246"]
[Annotator "ITA-SUI"]
[PlyCount "62"]
[EventDate "2004.10.05"]

1. d4 d5 2. Nc3 Nf6 3. e4 Nxe4 4. Nxe4 dxe4 5. Bc4 Bf5 6. g4 Bg6 7. Ne2 e5 8.
Be3 Nd7 9. Qd2 Nb6 10. Bb3 exd4 11. Qxd4 Qxd4 12. Nxd4 h5 13. g5 c6 14. Ne2 Bf5
15. Ng3 Bg6 16. Bxb6 axb6 17. O-O-O Be7 18. h4 f5 19. Be6 Ra5 20. Ne2 Bf7 21.
Bd7+ Kf8 22. a3 g6 23. Bc8 Kg7 24. Bxb7 Ra7 25. Bxc6 Rc8 26. Bd5 Rac7 27. c3
Bc5 28. Bxf7 Kxf7 29. Rhf1 e3 30. fxe3 Bxe3+ 31. Kc2 Re8 1/2-1/2

[Event "C.to Mondiale a squadre seniores"]
[Site "Port Erin IMN"]
[Date "2004.10.10"]
[Round "6.3"]
[White "Hohler, Peter"]
[Black "Gardi, Giuseppe"]
[Result "1-0"]
[WhiteElo "2248"]
[BlackElo "2081"]
[Annotator "ITA-SUI"]
[PlyCount "77"]
[EventDate "2004.10.05"]

1. Nf3 g6 2. e4 Bg7 3. d4 c6 4. Nc3 d5 5. h3 Nh6 6. Be2 f6 7. O-O Nf7 8. Be3
O-O 9. Qd2 b6 10. Rad1 Bb7 11. Rfe1 Na6 12. exd5 cxd5 13. Nb5 e5 14. c4 dxc4
15. dxe5 Qxd2 16. Nxd2 Nxe5 17. Nxc4 Nc5 18. Nxe5 fxe5 19. Nc7 Rac8 20. Bxc5
bxc5 21. Bc4+ Kh8 22. Ne6 Rf7 23. Nd8 Re7 24. Nxb7 Rxb7 25. Ba6 Rbb8 26. Bxc8
Rxc8 27. Re4 Kg8 28. Rd7 a5 29. b3 h6 30. Ra4 g5 31. Rxa5 e4 32. Re7 Bd4 33.
Rxe4 Rf8 34. Re2 Kg7 35. Ra6 Rf7 36. g3 h5 37. Kg2 g4 38. hxg4 hxg4 39. Rae6
1-0

[Event "C.to Mondiale a squadre seniores"]
[Site "Port Erin IMN"]
[Date "2004.10.10"]
[Round "6.4"]
[White "Pipitone, Antonio"]
[Black "Illi, Hans-Joerg"]
[Result "1-0"]
[WhiteElo "2019"]
[BlackElo "2173"]
[Annotator "ITA-SUI"]
[PlyCount "103"]
[EventDate "2004.10.05"]

1. e4 e6 2. d4 d5 3. Nc3 Bb4 4. e5 Qd7 5. Bd2 Bxc3 6. Bxc3 b6 7. Bd3 Ba6 8. Nf3
c5 9. a4 Bxd3 10. Qxd3 Nc6 11. O-O Nge7 12. a5 c4 13. Qd2 b5 14. Qg5 Nf5 15. g4
h6 16. Qd2 Nfe7 17. a6 Rb8 18. Qf4 Ng6 19. Qg3 b4 20. Bd2 b3 21. c3 Ke7 22. h4
Rbg8 23. h5 Nf8 24. Nh4 g6 25. hxg6 Nxg6 26. f3 Ke8 27. Kf2 h5 28. Rh1 hxg4 29.
Nxg6 fxg6 30. Qxg4 Qf7 31. Bg5 Qf5 32. Bf6 Rxh1 33. Rxh1 Kd7 34. Rh7+ Kc8 35.
Kg3 Re8 36. Rg7 Qb1 37. Qxg6 Qg1+ 38. Kf4 Qc1+ 39. Kg4 Rf8 40. Rc7+ Kxc7 41.
Qg7+ Kb6 42. Qxf8 Kxa6 43. Qc8+ Kb6 44. Qxe6 Qg1+ 45. Kh5 Qh1+ 46. Kg6 Qb1+ 47.
Kg7 Kb7 48. Qxd5 Qxb2 49. Qxc4 Qg2+ 50. Kf7 Qxf3 51. d5 Qh5+ 52. Kg7 1-0

[Event "C.to Mondiale a squadre seniores"]
[Site "Port Erin IMN"]
[Date "2004.10.11"]
[Round "7.1"]
[White "Rosino, Antonio"]
[Black "Wilson, Peter John Barry"]
[Result "1-0"]
[WhiteElo "2277"]
[BlackElo "2169"]
[Annotator "ITA-GBR3"]
[PlyCount "93"]
[EventDate "2004.10.05"]

1. e4 b6 2. d4 e6 3. Nf3 Bb7 4. Bd3 Be7 5. O-O d6 6. c4 c5 7. d5 e5 8. Nc3 Nd7
9. Ne1 Qc7 10. f4 f6 11. Qg4 g6 12. f5 g5 13. Qh5+ Kf8 14. h4 Qd8 15. hxg5 fxg5
16. f6 Bxf6 17. Bxg5 Qe8 18. Qh4 Ke7 19. Nc2 Qg6 20. Bxf6+ Ngxf6 21. Ne3 Rhg8
22. Rf2 Raf8 23. Nf5+ Kd8 24. Nb5 a6 25. Nbxd6 Kc7 26. Raf1 Qh5 27. Qxh5 Nxh5
28. Nxb7 Kxb7 29. Nd6+ Kc7 30. Rxf8 Nxf8 31. Nf7 Nf4 32. Nxe5 Rxg2+ 33. Kh1
Nxd3 34. Kxg2 Nxe5 35. Rxf8 Nxc4 36. b3 Ne3+ 37. Kf3 Nd1 38. e5 Nc3 39. Rf7+
Kd8 40. d6 Nb5 41. Rxh7 a5 42. Ke4 Nc3+ 43. Kf5 Nb5 44. Ke6 Nd4+ 45. Kd5 Nb5
46. Rh8+ Kd7 47. e6# 1-0

[Event "C.to Mondiale a squadre seniores"]
[Site "Port Erin IMN"]
[Date "2004.10.11"]
[Round "7.2"]
[White "Flockhart, Hugh"]
[Black "Barlocco, Carlo"]
[Result "0-1"]
[WhiteElo "1926"]
[BlackElo "2108"]
[Annotator "ITA-GBR3"]
[PlyCount "68"]
[EventDate "2004.10.05"]

1. e4 Nf6 2. Nc3 d5 3. exd5 Nxd5 4. d4 Nxc3 5. bxc3 g6 6. Bc4 Bg7 7. Nf3 O-O 8.
O-O c5 9. Be3 Nc6 10. Rb1 Qc7 11. Qe2 Bg4 12. h3 Bxf3 13. gxf3 cxd4 14. cxd4
Bxd4 15. Bh6 Bg7 16. Be3 Rfd8 17. Bd3 Rd5 18. Kg2 Nd8 19. Rb3 Ra5 20. a3 Ne6
21. Qd2 Rh5 22. Rfb1 Qd7 23. Rh1 Rd8 24. Rb4 b6 25. a4 Qc6 26. Rc4 Qd5 27. Rg4
Bd4 28. Qb4 Bxe3 29. fxe3 Qa2 30. Kg3 Nc5 31. Rh2 Qe6 32. Be4 f5 33. Bd3 Nxd3
34. Qc4 f4+ 0-1

[Event "C.to Mondiale a squadre seniores"]
[Site "Port Erin IMN"]
[Date "2004.10.11"]
[Round "7.3"]
[White "Pipitone, Antonio"]
[Black "Rety, John"]
[Result "1/2-1/2"]
[WhiteElo "2019"]
[BlackElo "2001"]
[Annotator "ITA-GBR3"]
[PlyCount "60"]
[EventDate "2004.10.05"]

1. e4 d6 2. d4 Nf6 3. Nc3 g6 4. Be2 Bg7 5. Nf3 Nbd7 6. h3 c5 7. Be3 cxd4 8.
Bxd4 b6 9. O-O Bb7 10. Bd3 O-O 11. Re1 Nc5 12. e5 Nh5 13. exd6 Qxd6 14. Bxg7
Nxg7 15. Ne4 Qc7 16. Nxc5 Qxc5 17. Be4 Rad8 18. Qe2 Bxe4 19. Qxe4 Ne6 20. c3
Qd5 21. Qh4 f6 22. Re2 Rf7 23. Rae1 Rd6 24. Qa4 a5 25. Qe8+ Kg7 26. Qc8 Rc6 27.
Qb8 Qd7 28. Qg3 Rd6 29. Qg4 Nc5 30. Qc4 e5 1/2-1/2

[Event "C.to Mondiale a squadre seniores"]
[Site "Port Erin IMN"]
[Date "2004.10.12"]
[Round "8.2"]
[White "Barlocco, Carlo"]
[Black "Ellison, Derek George"]
[Result "1-0"]
[WhiteElo "2108"]
[BlackElo "2097"]
[Annotator "ITA-ESX"]
[PlyCount "103"]
[EventDate "2004.10.05"]

1. d4 e6 2. Bf4 f5 3. Nc3 d5 4. g4 Nf6 5. gxf5 exf5 6. Bg2 Bd6 7. Qd2 c6 8.
Qe3+ Kf7 9. Nf3 Re8 10. Ne5+ Kg8 11. Qh3 Qe7 12. O-O-O Be6 13. Rhg1 Nbd7 14.
Nd3 Kh8 15. Bxd6 Qxd6 16. f4 Ng4 17. Qg3 Re7 18. Ne5 Ngf6 19. Qh4 Kg8 20. Rd3
b5 21. Rg3 b4 22. Nd1 c5 23. Ne3 cxd4 24. N3c4 dxc4 25. Nxd7 Bxd7 26. Bxa8 Ne4
27. Bd5+ Be6 28. Bxe4 fxe4 29. Qf6 Qd7 30. Rxg7+ Rxg7 31. Rxg7+ Qxg7 32. Qxe6+
Kf8 33. Qxe4 Qg1+ 34. Kd2 c3+ 35. bxc3 dxc3+ 36. Kd3 Qd1+ 37. Kc4 Qb1 38. Qa8+
Kg7 39. Qxa7+ Kf6 40. Qb6+ Kf5 41. Qxb4 Qxc2 42. Qxc3 Qxa2+ 43. Kd3 Qb1+ 44.
Qc2 Qg1 45. e3 Qf1+ 46. Kd4+ Kg4 47. Qc8+ Kf3 48. Qc6+ Kg4 49. Qe6+ Kh5 50.
Qf5+ Kh4 51. Qg5+ Kh3 52. Qg3# 1-0

[Event "XX European Club Cup"]
[Site "Smirne TUR"]
[Date "2004.10.04"]
[Round "2"]
[White "Efimov, Igor"]
[Black "Groszpeter, Attila"]
[Result "1/2-1/2"]
[WhiteElo "2459"]
[BlackElo "2514"]
[PlyCount "30"]
[EventDate "2004.10.03"]

1. d4 Nf6 2. c4 e6 3. Nc3 Bb4 4. e3 O-O 5. Nge2 d5 6. a3 Be7 7. Ng3 dxc4 8.
Bxc4 c5 9. O-O cxd4 10. exd4 Nbd7 11. Ba2 Nb6 12. Be3 Bd7 13. f3 Nbd5 14. Nxd5
Nxd5 15. Bf2 Rc8 1/2-1/2

[Event "VIII Open A"]
[Site "Vicenza ITA"]
[Date "2004.10.02"]
[Round "1"]
[White "Cacco, Christian"]
[Black "Bdair, Bilal"]
[Result "1-0"]
[WhiteElo "2280"]
[BlackElo "2004"]
[PlyCount "79"]
[EventDate "2004.10.02"]

1. d4 Nf6 2. Nf3 c5 3. d5 e6 4. c4 d6 5. Nc3 exd5 6. cxd5 g6 7. Nd2 Nbd7 8. Qa4
a6 9. e4 Rb8 10. Qc2 Bg7 11. a4 O-O 12. Be2 Re8 13. O-O Qc7 14. a5 Ne5 15. h3
g5 16. Re1 b5 17. axb6 Rxb6 18. Nd1 h6 19. Ne3 Rb4 20. Ra3 Ng6 21. Bxa6 Bd7 22.
Bc4 Nh5 23. b3 Nhf4 24. Ndf1 Nh4 25. Bd2 Bxh3 26. gxh3 Nxh3+ 27. Kh2 Nxf2 28.
Ng3 Qd7 29. Nef5 Nf3+ 30. Kg2 Nxe1+ 31. Bxe1 Nxe4 32. Nxg7 Kxg7 33. Nxe4 Qg4+
34. Ng3 Rxe1 35. Be2 Rxe2+ 36. Qxe2 Qxe2+ 37. Nxe2 f5 38. Ng3 Kf6 39. Ra6 Ke5
40. Ra8 $139 1-0

[Event "VIII Open A"]
[Site "Vicenza ITA"]
[Date "2004.10.02"]
[Round "1"]
[White "Casciello, Dimitri"]
[Black "Gennari, Leone"]
[Result "1/2-1/2"]
[WhiteElo "1856"]
[BlackElo "2079"]
[PlyCount "157"]
[EventDate "2004.10.02"]

1. e4 e6 2. d4 d5 3. Nc3 Bb4 4. e5 c5 5. a3 Bxc3+ 6. bxc3 Qa5 7. Bd2 Qa4 8. Qb1
c4 9. Be2 Nc6 10. f4 b6 11. Nf3 Bd7 12. O-O O-O-O 13. Qb2 Nge7 14. Rfb1 h6 15.
Qc1 Rdg8 16. Rb2 Kc7 17. Be3 Nf5 18. Bf2 g6 19. Qd2 Rh7 20. Kf1 Qa6 21. h3 Qc8
22. g4 Ng7 23. Ke1 Qe8 24. Qe3 h5 25. g5 Nf5 26. Qd2 Qe7 27. h4 Rb8 28. Qc1
Rhh8 29. Kf1 Rb7 30. Be1 Rhb8 31. Bd2 b5 32. Kf2 a5 33. Be3 Kc8 34. Rba2 b4 35.
axb4 axb4 36. cxb4 Nxb4 37. Ra5 Bb5 38. Bd1 Nc6 39. Ra8 Rxa8 40. Rxa8+ Rb8 41.
Qa1 Kb7 42. Rxb8+ Kxb8 43. c3 Qa7 44. Qxa7+ Kxa7 45. Bc1 Ka6 46. Ke1 Ka5 47.
Bc2 Nfe7 48. Ba3 Ba4 49. Bb1 Bb3 50. Kd2 Nc8 51. Kc1 Nb6 52. Ng1 Na4 53. Ne2
Kb6 54. Kd2 Kc7 55. Bd6+ Kd7 56. Ba3 Na7 57. Bf8 Nb5 58. Bb4 Ke8 59. Kc1 Kd7
60. Kd2 Nb2 61. Nc1 Ke8 62. Bc2 Bxc2 63. Kxc2 Na4 64. Ne2 Nb6 65. Ng1 Nc8 66.
Ne2 Ne7 67. Ng3 Nf5 68. Nxf5 exf5 69. Kb1 Kd7 70. Kc2 Nc7 71. Ba3 Kc6 72. Bc1
Kb5 73. Kb2 Ka4 74. Be3 Nb5 75. Bd2 Na3 76. Bc1 Nb5 77. Be3 Ka5 78. Kc2 Ka4 79.
Kb2 1/2-1/2

[Event "VIII Open A"]
[Site "Vicenza ITA"]
[Date "2004.10.02"]
[Round "1"]
[White "Cora', Massimo"]
[Black "Quaranta, Cristiano"]
[Result "1/2-1/2"]
[WhiteElo "1898"]
[BlackElo "2091"]
[PlyCount "42"]
[EventDate "2004.10.02"]

1. d4 Nf6 2. c4 g6 3. Nc3 Bg7 4. e4 d6 5. f3 O-O 6. Be3 Nc6 7. Nge2 a6 8. Qd2
Rb8 9. h4 h5 10. O-O-O b5 11. Nd5 bxc4 12. Nxf6+ Bxf6 13. g4 hxg4 14. h5 Nb4
15. Nc3 c5 16. Bxc4 g5 17. dxc5 Qa5 18. Bd4 Bxd4 19. Qxg5+ Kh7 20. Rxd4 Qxc5
21. Qxc5 dxc5 1/2-1/2

[Event "VIII Open A"]
[Site "Vicenza ITA"]
[Date "2004.10.02"]
[Round "1"]
[White "Cracco, Pietro"]
[Black "Lain, Luigi"]
[Result "0-1"]
[WhiteElo "2000"]
[BlackElo "2262"]
[PlyCount "58"]
[EventDate "2004.10.02"]

1. c4 e5 2. g3 f5 3. Bg2 Nc6 4. Nc3 g6 5. d3 Bg7 6. Nh3 Nge7 7. Bg5 h6 8. Bd2
O-O 9. f4 d6 10. e3 Be6 11. O-O Qd7 12. Nd5 e4 13. dxe4 fxe4 14. Nf2 Nxd5 15.
cxd5 Bxd5 16. Bxe4 Bxe4 17. Nxe4 Qe6 18. Qc2 Rae8 19. Nf2 d5 20. Rae1 Qd6 21.
Bc3 d4 22. exd4 Nxd4 23. Qd3 Ne2+ 24. Kg2 Qxd3 25. Nxd3 Bxc3 26. bxc3 Nxc3 27.
Ne5 Kg7 28. Rc1 Nd5 29. Kf3 Rxe5 0-1

[Event "VIII Open A"]
[Site "Vicenza ITA"]
[Date "2004.10.02"]
[Round "1"]
[White "Dvirnyy, Danyyil"]
[Black "Castellano, Alfonso"]
[Result "1-0"]
[WhiteElo "2087"]
[BlackElo "1881"]
[PlyCount "59"]
[EventDate "2004.10.02"]

1. e4 c5 2. Nf3 d6 3. d4 cxd4 4. Nxd4 Nf6 5. Nc3 a6 6. Bg5 e6 7. f4 Be7 8. Qf3
Nbd7 9. O-O-O Qc7 10. Bd3 b5 11. Rhe1 Bb7 12. Qh3 O-O-O 13. Bxf6 Nxf6 14. Nd5
Nxd5 15. exd5 Bxd5 16. f5 Bg5+ 17. Kb1 Qa5 18. a3 b4 19. Be4 Kc7 20. Bxd5 exd5
21. Qh5 Bf6 22. Nb3 Qa4 23. Qxf7+ Rd7 24. Qxd5 bxa3 25. Re4 Qb5 26. bxa3 Rb8
27. Rc4+ Kd8 28. Qg8+ Ke7 29. Qe6+ Kf8 30. Rb4 1-0